The Weeknd - Albums par ordre chronologique - Statistiques

Statistiques générales
  • Ce quiz a été pris 16 fois
  • Le résultat moyen est 8 sur 10
Statistiques - réponses
Années Albums % Correct
2011 House of Balloons
92%
2020 After Hours
85%
2022 Dawn FM
85%
2025 Hurry Up Tomorrow
85%
2016 Starboy
85%
2015 Beauty Behind the Madness
77%
2018 My Dear Melancholy
77%
2011 Echoes of Silence
69%
2013 Kiss Land
69%
2011 Thursday
69%
Aucun quiz correspondant
Distribution des résultats
% des personnes avec chaque résultat
Percentile par nombre de réponses
Votre historique - résultats
Vous n’avez pas pris ce quiz